[Event "Unterfranken-ch HA 60th"]
[Site "Obernau"]
[Date "2009.04.14"]
[Round "3"]
[White "Dietrich, Walter"]
[Black "Bergmann, Heribert"]
[Result "1-0"]
[WhiteElo "1533"]
[BlackElo "1421"]
[PlyCount "120"]
[EventDate "2009.04.13"]
[EventType "swiss"]
[EventRounds "9"]
[EventCountry "GER"]
[SourceTitle "EXT 2015"]
[Source "ChessBase"]
[SourceDate "2014.11.20"]
[SourceVersion "1"]
[SourceVersionDate "2014.11.20"]
[SourceQuality "1"]

1. d4 d5 2. Nc3 Nf6 3. Bf4 e6 4. e3 Bd6 5. Bg3 Nbd7 6. f4 b6 7. Nf3 c5 8. Ne5 cxd4 9. exd4 Bb4 10. Bd3 Bb7 11. 0-0 Bxc3 12. bxc3 Qc7 13. Qe1 Ne4 14. Bxe4 dxe4 15. f5 Nxe5 16. Bxe5 Qc6 17. fxe6 Qxe6 18. Qg3 0-0-0 19. Qe3 f6 20. Bg3 f5 21. Qf4 Qc6 22. Qxf5+ Rd7 23. Rad1 e3 24. Rf3 e2 25. Re1 Re8 26. Qf4 Qc7 27. Qxc7+ Rxc7 28. Bxc7 Bxf3 29. gxf3 Kxc7 30. Kf2 Kd6 31. Rxe2 Rc8 32. Re3 Rc4 33. Ke2 Ra4 34. Kd3 Rxa2 35. Re1 Ra5 36. c4 Rf5 37. Ke4 Rf7 38. Ra1 Kc6 39. f4 Re7+ 40. Kd3 Rf7 41. Rf1 g5 42. f5 Kd6 43. Ke3 Rf6 44. Ke4 Ke7 45. d5 Kd6 46. Ra1 Rh6 47. Rxa7 Rxh2 48. Kd3 Rf2 49. Rxh7 Rxf5 50. Rh6+ Kd7 51. Rxb6 g4 52. Rg6 Rf4 53. c5 Rf3+ 54. Ke4 Rc3 55. c6+ Kc7 56. Rxg4 Rxc2 57. Rg7+ Kd6 58. Rd7+ Kc5 59. c7 Kb6 60. d6 Kb7 1-0

[Event "Unterfranken-ch HT 54th"]
[Site "Moembris"]
[Date "2003.04.23"]
[Round "5"]
[White "Dietrich, Walter"]
[Black "Muthig, Holger"]
[Result "1-0"]
[WhiteElo "1596"]
[BlackElo "1503"]
[PlyCount "109"]
[EventDate "2003.04.21"]
[EventType "swiss"]
[EventRounds "9"]
[EventCountry "GER"]
[SourceTitle "EXT 2015"]
[Source "ChessBase"]
[SourceDate "2014.11.20"]
[SourceVersion "1"]
[SourceVersionDate "2014.11.20"]
[SourceQuality "1"]

1. f4 d5 2. Nf3 g6 3. d4 Nf6 4. g3 Bg7 5. c3 Nbd7 6. Bg2 0-0 7. 0-0 c6 8. Nbd2 Ne4 9. Nxe4 dxe4 10. Ng5 Nf6 11. Nxe4 h5 12. Nxf6+ Bxf6 13. e4 Bg4 14. Qe1 Qc8 15. Be3 Rd8 16. Qf2 Be6 17. f5 Bc4 18. fxg6 fxg6 19. e5 Bg7 20. Qc2 Bxf1 21. Rxf1 Qe6 22. h4 Rf8 23. Bf4 Rad8 24. Kh2 Kh7 25. b3 Bh6 26. Bh3 Qg8 27. Qe4 Bxf4 28. gxf4 e6 29. Kg3 Qf7 30. a4 Qd7 31. Kf3 Rfe8 32. Ke3 Qe7 33. Rg1 Rg8 34. Rg5 Rde8 35. Bf1 Ref8 36. Rxh5+ Kg7 37. Rg5 Rf5 38. Rg4 Rh8 39. Qg2 g5 40. Bd3 Rf7 41. Rxg5+ Kf8 42. Qg4 Rg7 43. Bc4 Rxg5 44. hxg5 Qa3 45. Bxe6 Qc1+ 46. Kd3 Qf1+ 47. Qe2 Rh3+ 48. Bxh3 Qxh3+ 49. Kc2 Qf5+ 50. Qd3 Qxf4 51. Qd2 Qf5+ 52. Kb2 Kg7 53. c4 Kg6 54. Kc3 Kh5 55. Qe3 1-0

[Event "Unterfranken-ch HT 54th"]
[Site "Moembris"]
[Date "2003.04.22"]
[Round "2"]
[White "Reitz, Helmut"]
[Black "Dietrich, Walter"]
[Result "0-1"]
[WhiteElo "1784"]
[BlackElo "1596"]
[PlyCount "164"]
[EventDate "2003.04.21"]
[EventType "swiss"]
[EventRounds "9"]
[EventCountry "GER"]
[SourceTitle "EXT 2015"]
[Source "ChessBase"]
[SourceDate "2014.11.20"]
[SourceVersion "1"]
[SourceVersionDate "2014.11.20"]
[SourceQuality "1"]

1. d4 d5 2. c4 Nf6 3. cxd5 Nxd5 4. e4 Nb6 5. Be3 c6 6. Bd3 e6 7. Ne2 Be7 8. 0-0 N8d7 9. Nbc3 0-0 10. f4 Nf6 11. Ng3 g6 12. f5 exf5 13. exf5 Nbd5 14. Bh6 Re8 15. fxg6 hxg6 16. Qf3 Bg4 17. Qf2 Be6 18. h3 Qd7 19. Nge4 Nxe4 20. Nxe4 f5 21. Ng5 Bxg5 22. Bxg5 Rf8 23. Rae1 Rae8 24. Re2 Nc7 25. Bf4 Nd5 26. Be5 Nb4 27. Bb1 Bc4 28. Qg3 Rxe5 29. Qxe5 Bxe2 30. Qxe2 Qxd4+ 31. Kh1 Kg7 32. Rd1 Qf6 33. Qf2 Nd5 34. a3 b6 35. Ba2 Rd8 36. Rd2 g5 37. Qf3 Qe5 38. Re2 Qf6 39. Bb1 Nf4 40. Rf2 Rf8 41. Rd2 Rf7 42. h4 Qe5 43. Qf2 Re7 44. hxg5 Kg6 45. Ba2 Qe1+ 46. Qxe1 Rxe1+ 47. Kh2 Kxg5 48. Bc4 b5 49. Bf7 c5 50. Kg3 Re2 51. Rxe2 Nxe2+ 52. Kf3 Nd4+ 53. Ke3 a5 54. b4 axb4 55. axb4 Nc2+ 56. Kd3 Nxb4+ 57. Kc3 Kf4 58. Be8 Nd5+ 59. Kd3 Nc7 60. Bd7 Ke5 61. Ke3 f4+ 62. Kd3 b4 63. Kc4 Kd6 64. Bg4 Nd5 65. Bf3 Ne3+ 66. Kb3 Ke5 67. Bc6 Kd4 68. Bb7 Nd5 69. Ba6 Nc3 70. Bf1 Ke3 71. Ba6 Ne4 72. Bb7 Nd2+ 73. Kb2 Kd3 74. Ba6+ c4 75. Bb5 Kd4 76. Kc2 Nf1 77. Bc6 Ne3+ 78. Kb2 c3+ 79. Kb3 c2 80. Kb2 Kd3 81. Kc1 b3 82. g4 Kc3 0-1

[Event "Unterfranken-ch H1 46th"]
[Site "Karlburg"]
[Date "1995.??.??"]
[Round "?"]
[White "Dietrich, Walter"]
[Black "Duernhoefer, Robert"]
[Result "1-0"]
[WhiteElo "1570"]
[BlackElo "1582"]
[PlyCount "71"]
[EventDate "1995.04.17"]
[EventType "swiss"]
[EventRounds "9"]
[EventCountry "GER"]
[SourceTitle "EXT 2015"]
[Source "ChessBase"]
[SourceDate "2014.11.20"]
[SourceVersion "1"]
[SourceVersionDate "2014.11.20"]
[SourceQuality "1"]

1. d4 d5 2. Bf4 Nf6 3. Nf3 Bf5 4. c3 e6 5. Nbd2 Nbd7 6. h3 h6 7. Nh4 Bh7 8. Bh2 c5 9. e3 cxd4 10. exd4 Be7 11. Nhf3 0-0 12. Bb5 Qb6 13. Qe2 a6 14. Bxd7 Nxd7 15. Nb3 a5 16. 0-0 a4 17. Nc1 a3 18. bxa3 Bxa3 19. Nb3 Rfc8 20. Qe3 Qc6 21. Ne5 Nxe5 22. Bxe5 Qxc3 23. Qf4 f6 24. Bd6 Bxd6 25. Qxd6 Qc6 26. Qf4 Qe8 27. Rfe1 Rc4 28. Qd6 Ra6 29. Qxd5 exd5 30. Rxe8+ Kf7 31. Rd8 Rb4 32. Rd7+ Kg6 33. Nc5 Ra7 34. Ne6 Kh5 35. Rxd5+ g5 36. Nf4+ 1-0

[Event "Unterfranken-ch HB 43th"]
[Site "Sailauf"]
[Date "1992.??.??"]
[Round "6"]
[White "Dietrich, Walter"]
[Black "Hartlaub, Marianne"]
[Result "0-1"]
[WhiteElo "1567"]
[BlackElo "1526"]
[PlyCount "80"]
[EventDate "1992.04.20"]
[EventType "swiss"]
[EventRounds "9"]
[EventCountry "GER"]
[SourceTitle "EXT 2015"]
[Source "ChessBase"]
[SourceDate "2014.11.20"]
[SourceVersion "1"]
[SourceVersionDate "2014.11.20"]
[SourceQuality "1"]

1. e4 c5 2. Bc4 e6 3. Nf3 Nc6 4. 0-0 a6 5. a4 d6 6. d4 cxd4 7. Nxd4 Nge7 8. c3 Qc7 9. Nf3 Ng6 10. Be3 b6 11. Nbd2 Be7 12. b4 0-0 13. Qe2 Bb7 14. Bb3 Rfe8 15. Nc4 Nce5 16. Nxb6 Nxf3+ 17. gxf3 Qxc3 18. Rab1 Qf6 19. Nxa8 Rxa8 20. Rfc1 Nh4 21. Rc7 Qg6+ 22. Kf1 Qg2+ 23. Ke1 Qh1+ 24. Qf1 Qxf3 25. Rxb7 Qxe4 26. Rb2 Qxb7 27. Bd1 d5 28. b5 Nf5 29. Bd2 Bf6 30. Rb3 Nd4 31. bxa6 Qc7 32. Rb7 Qe5+ 33. Be3 g6 34. Qd3 Nf5 35. a7 Kg7 36. Kd2 Nxe3 37. Qxe3 Bg5 38. a5 Bxe3+ 39. fxe3 Qxh2+ 40. Be2 Qg1 0-1

[Event "Unterfranken-ch HB 43th"]
[Site "Sailauf"]
[Date "1992.??.??"]
[Round "4"]
[White "Dietrich, Walter"]
[Black "Heidenbluth, Karl"]
[Result "1/2-1/2"]
[WhiteElo "1567"]
[BlackElo "1460"]
[PlyCount "107"]
[EventDate "1992.04.20"]
[EventType "swiss"]
[EventRounds "9"]
[EventCountry "GER"]
[SourceTitle "EXT 2015"]
[Source "ChessBase"]
[SourceDate "2014.11.20"]
[SourceVersion "1"]
[SourceVersionDate "2014.11.20"]
[SourceQuality "1"]

1. Nf3 d5 2. d3 Nf6 3. Bg5 Nbd7 4. g3 g6 5. Nc3 c6 6. e4 Bg7 7. e5 Ng8 8. d4 f6 9. Bf4 Nf8 10. Qd2 Bg4 11. Bg2 Qd7 12. exf6 Nxf6 13. Ne5 Qd8 14. Na4 Bf5 15. Nc5 Qc8 16. 0-0 N8d7 17. Rae1 0-0 18. Bg5 Nxc5 19. dxc5 Qc7 20. Bf4 Ne4 21. Bxe4 Bxe5 22. Bxd5+ cxd5 23. Rxe5 Qxc5 24. Rxd5 Qxc2 25. Qb4 Qc6 26. Re5 Bh3 27. Qb3+ Rf7 28. f3 Bxf1 29. Kxf1 Qf6 30. Qxb7 Rd8 31. Qxa7 h6 32. h4 Kh7 33. Qe3 Qa6+ 34. Kg2 Qxa2 35. Rxe7 Qxb2+ 36. Kh3 Rd7 37. Rxf7+ Rxf7 38. Bxh6 Qf6 39. Bf4 Re7 40. Qd2 Rf7 41. Kg2 Qf5 42. Qe2 Qd7 43. Be5 Qd5 44. Bf4 Qb7 45. Qe5 Rf5 46. Qc3 Rf7 47. Qe5 Qb4 48. h5 Qb6 49. Qg5 Qb2+ 50. Kh3 Qg7 51. hxg6+ Qxg6 52. Qh4+ Kg7 53. Qd8 Rf8 54. Qd4+ 1/2-1/2